Cuba's military 1990-2005 (Record no. 87558)
[ view plain ]
| 000 -LEADER | |
|---|---|
| fixed length control field | 01346nam a2200337Ia 4500 |
| 100 1# - MAIN ENTRY--AUTHOR NAME | |
| Personal name | Klepak, H. P. |
| 245 10 - TITLE STATEMENT | |
| Title | Cuba's military 1990-2005 |
| 260 ## - PUBLICATION, DISTRIBUTION, ETC. (IMPRINT) | |
| Place of publication | New York, N.Y. : |
| Name of publisher | Palgrave MacMillan, |
| Year of publication | c2005. |
| 300 ## - PHYSICAL DESCRIPTION | |
| Number of Pages | xi, 340 p. |
| 490 1# - SERIES STATEMENT | |
| Series statement | Studies of the Americas |
| 650 #0 - SUBJECT ADDED ENTRY--TOPICAL TERM | |
| Topical Term | Armed Forces. |
| 856 40 - ELECTRONIC LOCATION AND ACCESS | |
| Uniform Resource Identifier | http://site.ebrary.com/lib/rucke/Doc?id=10135642 |
No items available.
